| 000 | 01514nam0a2200349 4500 | ||
|---|---|---|---|
| 001 | RU\NLR\BIBL_A\022698964 | ||
| 005 | 20260409001458.0 | ||
| 010 |
_a978-5-6047556-3-1 _9100 |
||
| 035 | _a(NLR Aleph) 022698964 | ||
| 090 |
_a13646944 _c13646944 |
||
| 100 | _a20260112d2023 u y0rusy50 ca | ||
| 101 | 0 | _arus | |
| 102 | _aRU | ||
| 105 | _aa z 000gy | ||
| 181 | 0 |
_ai2 _baxxe |
|
| 181 | 0 |
_ab2 _bbb2e |
|
| 182 | 0 | _an | |
| 200 | 1 |
_aЖиви да живи _eпоэтический сборник _fЮрий Дусь _g[художник - Белов Сергей Александрович] |
|
| 203 |
_aТекст _aИзображение _bвизуальные _cнепосредственные |
||
| 210 |
_aОмск _cЗагурская Л. Е. _d2023 |
||
| 215 |
_a70, [1] с. _cил. _d21 _e[1] закладка (22x8 см) со стихотворением с загл.: Вспышки памяти |
||
| 327 | 1 | _aСодерж.: циклы: О жизни; О любви; О детях; О главном; О войне | |
| 333 | _a12+ | ||
| 517 | 1 |
_aВспышки памяти _eстихотворение |
|
| 686 | 2 | _aШ6(2=Р)8-5 | |
| 700 | 1 |
_aДусь _bЮ. П. _f1958- _gЮрий Петрович |
|
| 702 | 1 |
_4040 _7ca _8rus _aБелов _bС. А. _cхудожник, педагог _f1959- _gСергей Александрович _937169 _3RU\NLR\AUTH\7754237 |
|
| 942 | _cBOOK | ||
| 980 | _aNB | ||